000 01465nam0a22003131 4500
001 rc\4718053
005 20130416212926.3
021 _aRU
_bРг2115-69
021 _aRU
_b68-99831
035 _a(NLR Aleph) 008439974
090 _a9471752
_c9471752
100 _a20130416d1968 |||a0rusy50 ca
101 0 _arus
102 _aRU
105 _ay c |||||
200 1 _aМетодические указания по обоснованию перспективного развития сети снабженческо-сбытовых баз Госснаба СССР
_eУтв. 4/IX 1968 г.
_f... Науч.-исслед. ин-т экономики и организации матер.-техн. снабжения. НИИМС
210 _aМосква
_cБ. и.
_d1968
215 _a81 с.
_d28
300 _aНа обороте тит. л. исполнители: Сирено Г.Э., Смородинов М.А., Качанов А.И.
300 _aОтпеч. множит. аппаратом
702 1 _aСмородинов
_bМ. А.
_4570
702 1 _aКачанов
_bА. И.
_4570
702 1 _aСирено
_bГ. Э.
_gГеннадий Эдуардович
_4570
710 0 1 _aСССР
_bГосударственный комитет по материально-техническому снабжению
_3RU\NLR\AUTH\8810141725
801 0 _aRU
_bNLR
_gpsbo
801 1 _aRU
_bELAR
_2rusmarc
852 _aNLR
_j69-8/323
942 _cBOOK
980 _aNB